00735nam a2200241 a 4500001001300000003000900013005001700022008004100039020001000080082001500090100002200105245009400127260002500221300000900246500003500255505001000290650001100300700002200311902000800333942000700341952012800348999001700476nice12345678IN_TiNIC20260116014751.0071219s2006 dela grp 000 0 eng  ac85000a291.4bHOR aHorstmann, Monika aBhakti in Current Research, 2001-2003b Proceedings of the Ninth International Conference aDelhibManoharc2006 a307p aincludes index and biblioraphy2 aindex aBhakti1 aHorstmann, Monika bSRS cBK 001040708StackRoom-aHMIbHMId2007-12-19g850.00l4o291.4 HORp022199r2020-03-20s2020-01-31v850.00w2007-12-19yBK c16851d16851